UBT Library

Selected writings / (Record no. 40349)

000 -LEADER
fixed length control field 00816pam a2200253 a 4500
001 - CONTROL NUMBER
control field 4904344
005 - DATE AND TIME OF LATEST TRANSACTION
control field 20180116040615.0
008 - FIXED-LENGTH DATA ELEMENTS--GENERAL INFORMATION
fixed length control field 940104s1994 inu b 000 0 eng
010 ## - LIBRARY OF CONGRESS CONTROL NUMBER
LC control number 94000362
020 ## - INTERNATIONAL STANDARD BOOK NUMBER
International Standard Book Number 0872202194 (cloth)
020 ## - INTERNATIONAL STANDARD BOOK NUMBER
International Standard Book Number 0872202186 (pbk. : alk. paper)
040 ## - CATALOGING SOURCE
Original cataloging agency DLC
Transcribing agency DLC
Modifying agency DLC
041 1# - LANGUAGE CODE
Language code of text/sound track or separate title eng
080 ## - UNIVERSAL DECIMAL CLASSIFICATION NUMBER
Universal Decimal Classification number 335.4
082 00 - DEWEY DECIMAL CLASSIFICATION NUMBER
Classification number 335.4 MAR
Edition number 20
100 1# - Rafti
Rafti 19
101 ## - Shkurtesa
Shkurtesa SHP
240 10 - UNIFORM TITLE
Uniform title <a href="Works.">Works.</a>
Form subheading Selections.
Language of a work English.
Date of a work 1994
245 10 - TITLE STATEMENT
Title Selected writings /
Statement of responsibility, etc Karl Marx ; edited, with introduction, by Lawrence H. Simon.
504 ## - BIBLIOGRAPHY, ETC. NOTE
Bibliography, etc Includes bibliographical references.
906 ## - LOCAL DATA ELEMENT F, LDF (RLIN)
a 7
b cbc
c orignew
d 1
e ocip
f 19
g y-gencatlg
942 ## - ADDED ENTRY ELEMENTS (KOHA)
Source of classification or shelving scheme
Item type Books
Holdings
Withdrawn status Lost status Source of classification or shelving scheme Damaged status Not for loan Collection code Permanent location Current location Shelving location Date acquired Total Checkouts Full call number Barcode Date last seen Price effective from Koha item type
          Koleksioni i përgjithshem UBT - Lipjan UBT - Lipjan Koleksioni i përgjithshem 01/16/2018   335.4 MAR 002-2995603 01/16/2018 01/16/2018 Books
UBT Library © 2015-2024. All rights reserved University Education for Business and Technology